Supply chain performance collaboration and stability measurement. Development of a model for the automotive industry

Guardat en:
Dades bibliogràfiques
Autor principal: Seitz, Michael (Autor)
Format: Llibre
Idioma:anglès
Publicat: Múnich VDM Verlag Dr. Muller 2006
Matèries:
Etiquetes: Afegir etiqueta
Sense etiquetes, Sigues el primer a etiquetar aquest registre!

MARC

LEADER 00000nam a2200000 a 4500
001 UCI5374
003 CL-VaPUC
008 080328e20060000GW |||||||||||||||||eng|d
020 |a 9783836402422 
082 0 4 |a 658.5  |b SEI  |2 21 
100 0 |a Seitz, Michael  |e author  |9 527699 
245 1 0 |a Supply chain performance collaboration and stability measurement. Development of a model for the automotive industry 
300 |a 95 p 
942 |c BK 
945 |d 20080328 00:00:00  |a rbrito 
260 |a Múnich  |b VDM Verlag Dr. Muller  |c 2006 
650 0 |a Producción  |x Planificación  |9 260672 
650 0 |a Producción   |9 263680 
650 0 |a Planificación estratégica   |9 259735 
650 0 |a Gestión de la producción   |9 259467 
650 7 |a OBJETIVOS DE LA PRODUCCION  |2 CL-VaPUC  |9 364681 
583 |a last modification  |c 20080328 00:00:00  |k Rodrigo Vera 
999 |c 329125  |d 329123 
952 |0 0  |1 0  |4 0  |6 658_500000000000000_SEI_2006  |7 0  |8 A  |9 413460  |a BIBING  |b BIBING  |d 2019-11-22  |i 4417828  |o 658.5 SEI 2006  |p 4417828  |r 2025-01-20  |w 2019-11-22  |y BK  |k EII